000 00935cab a22001935a 4500
001 L157309
008 121015e2012 xxk 000 0 eng d
035 _a(Sirsi) u157309
041 0 _aeng
100 1 _aSandher, Hardeep
245 0 0 _aNo growth area
260 _c2012
490 0 _aProperty Week
_v78(40) 5 October 2012 Out-of-town retail Supplement, 4-5(2)
520 _aExpanding discount retailers are the only shining light in a stunted retail warehousing market. Budget retailers such as N & M Retail, Poundworld and Family Bargains are going from strength to strength and this sector is setting the trend for signing headline rents. Vacancy rates have fallen as speculative development is put on hold. CBRE Global Investors and the Crown Estate are the fastest growing investors in the UK retail for the first time.
590 _aKA
651 4 _aUnited Kingdom
690 _aCommercial property
_96227
942 _n0
999 _c84324
_d84324